Engineering Mechanics / (Record no. 32154)

000 -LEADER
fixed length control field 00469 a2200181 4500
003 - CONTROL NUMBER IDENTIFIER
control field OSt
005 - DATE AND TIME OF LATEST TRANSACTION
control field 20260217102339.0
008 - FIXED-LENGTH DATA ELEMENTS--GENERAL INFORMATION
fixed length control field 260216b ||||| |||| 00| 0 eng d
020 ## - INTERNATIONAL STANDARD BOOK NUMBER
International Standard Book Number 9788131800782
040 ## - CATALOGING SOURCE
Transcribing agency .
082 ## - DEWEY DECIMAL CLASSIFICATION NUMBER
Classification number 620.1
Item number B2196
100 ## - MAIN ENTRY--PERSONAL NAME
9 (RLIN) 5
Personal name Bansal, R.K.
245 ## - TITLE STATEMENT
Title Engineering Mechanics /
Statement of responsibility, etc. R. K. Bansal
260 ## - PUBLICATION, DISTRIBUTION, ETC.
Name of publisher, distributor, etc. Laxmi Publications Pvt Ltd,
Place of publication, distribution, etc. New Delhi :
Date of publication, distribution, etc. 2016
300 ## - PHYSICAL DESCRIPTION
Extent 516 p.
650 #0 - SUBJECT ADDED ENTRY--TOPICAL TERM
9 (RLIN) 23
Topical term or geographic name entry element Mechanical Engineering
942 ## - ADDED ENTRY ELEMENTS (KOHA)
Source of classification or shelving scheme
Koha item type Books
Holdings
Withdrawn status Lost status Source of classification or shelving scheme Damaged status Not for loan Collection code Permanent Location Current Location Shelving location Date acquired Source of acquisition Cost, normal purchase price Full call number Barcode Date last seen Cost, replacement price Price effective from Koha item type
          Non-fiction IMU Kolkata IMU Kolkata Reference 2026-03-11 30 360.00 620.1 B2196 14849 2026-03-11 450.00 2026-03-11 Books
          Non-fiction IMU Kolkata IMU Kolkata   2026-03-11 30 360.00 620.1 B2196 14850 2026-03-11 450.00 2026-03-11 Books
Designed and Maintained by IMU-KC Library, Kolkata Campus © Copyright All Rights Reserved

webs counters

Powered by Koha